| 000 | 00628cam a2200193 i 4500 | ||
|---|---|---|---|
| 020 | _a9789996350658 | ||
| 040 | _cJNA | ||
| 082 | _a333 RLN 2010 A118 Or. | ||
| 245 | 0 | 0 |
_aSocial landscapes and rural livelihoods : _bCambodian communities in transition / |
| 246 | 3 | 0 | _aCambodian communities in transition |
| 300 |
_a250 pages ; _c25 cm |
||
| 650 | 0 | _aCommunity development | |
| 650 | 0 | _aNatural resources | |
| 650 | 0 | _aProtected areas | |
| 650 | 0 | _aRural population | |
| 710 | 2 | _aCambodia Rural Livelihoods and Natural Resources Development Research Programme, | |
| 710 | 2 | _aLearning Institute (Cambodia), | |
| 942 | _cREC | ||
| 999 |
_c21411 _d21411 |
||